00524 2200193 4500001002100000005001500021008004100036020001800077035002500095041000800120082000800128090000800136100002300144245005800167250001600225260003500241300002700276650002700303INLIS00000000000570920130515154424 ind  a979-9341-49-3 a0010-051300000005709 aind a092 a092 aHaji G., Malikmass aCatatan Anak Emas Soekarno / editor, Burhanuddin, Abe aCetakan : 1 aYogyakartabGalang Pressc2002 aviii, 198 hlm. ;18 cm. aHubungan Antar Manusia